| 000 | 01297nac a22003137a 4500 | ||
|---|---|---|---|
| 001 | BR8001744 | ||
| 003 | BR-BrBNA | ||
| 005 | 20240105114633.0 | ||
| 008 | 230509b bl.|||m| |||| 00| 0 por d | ||
| 040 |
_aBR-BrBNA _bpor _cBiblioteca Nacional de Agricultura |
||
| 072 | _aF00 | ||
| 090 | _a0150 BR8001744 | ||
| 100 | 1 | _aRassini, J.B. | |
| 110 | 1 |
_aCentro de Pesquisa Agropecuaria dos Cerrados, Brasilia, DF (Brasil) _91584 |
|
| 245 | 1 | _aA cultura de arroz (Oryza sativa L.)de sequeiro na regiao dos cerrados - resultados de pesquisa com arroz na CPAC, nos anos 75-76 e 76-77 [Centro de Pesquisa Agropecuaria dos Cerrados; Brasil] | |
| 246 | 1 | _a[Waste rice crop in the region of "cerrados" - results of rice research in CPAC in the years of 75-76 and 76-77 [Agricultural and Cattle Research Center of Cerrados; Oryza sativa; Brazil]] | |
| 260 | 3 |
_aBrasilia, DF (Brasil): _cFeb 1979. |
|
| 300 | _a12 p. | ||
| 490 |
_aComunicado Tecnico - Centro de Pesquisa Agropecuaria dos Cerrados (Brazil) _vno. 3 _x |
||
| 650 | _aProducao vegetal | ||
| 650 | _aArroz sequeiro | ||
| 650 | _aPratica cultural | ||
| 650 | _aAdubacao | ||
| 650 | _aPraga de planta | ||
| 650 | _aDoenca de planta | ||
| 650 | _aCerrado | ||
| 909 |
_a202312 _bLúcia Elande _c55 _dLúcia Elande |
||
| 942 |
_2AGRIS _n0 _cMS |
||
| 999 |
_c270470 _d270470 |
||